000 00475nam a2200193Ia 4500
008 210210b1937 xxu||||| |||| 00| 0 eng d
041 _aeng
082 _a385/23
100 _aHOLLAND (R W)
245 _aFirst steps in business composition
260 _aLondon
_bSir Isaac Pitman & Sons Ltd.,
_c1937
300 _a82+31
650 _asteps
650 _aFirst
650 _acomposition
650 _abusiness
690 _aBusiness Communication
906 _a005495
999 _c125510
_d125510